[Event "Sherbrooke Perpetuelles 26-09"]
[Site "Sherbrooke"]
[Date "2003.10.24"]
[Round "5"]
[White "Belanger, Jean Sebastien"]
[Black "Lewis, Claude"]
[Result "0-1"]
[WhiteElo "1425"]
[BlackElo "1469"]
[PlyCount "66"]
[EventDate "2003.09.26"]
[EventType "swiss"]
[EventRounds "5"]
[EventCountry "CAN"]
[SourceTitle "EXT 2008"]
[Source "ChessBase"]
[SourceDate "2007.11.25"]
[SourceVersion "1"]
[SourceVersionDate "2007.11.25"]
[SourceQuality "1"]

1. Nc3 d6 2. e4 e5 3. Bc4 Nf6 4. Nf3 Bg4 5. h3 Bh5 6. Nxe5 dxe5 7. g4 Bg6 8. d3 Nc6 9. a3 Qd7 10. f4 h6 11. f5 Bh7 12. h4 0-0-0 13. g5 Ne8 14. g6 Bg8 15. h5 f6 16. Bxg8 Rxg8 17. Be3 Nd4 18. Rh3 Bc5 19. Qd2 Nd6 20. 0-0-0 N6b5 21. Bxh6 Nxc3 22. Bxg7 Rxg7 23. Re1 Nde2+ 24. Rxe2 Nxe2+ 25. Qxe2 Bf8 26. h6 Rxg6 27. h7 Bh6+ 28. Kb1 Rg1+ 29. Ka2 Qxh7 30. Qh2 Qf7+ 31. b3 Rdg8 32. Rxh6 R1g2 33. Qh4 Rxc2+ 0-1

[Event "Sherbrooke Perpetuelles 26-09"]
[Site "Sherbrooke"]
[Date "2003.10.10"]
[Round "3"]
[White "Grenier, Jean Pierre"]
[Black "Lewis, Claude"]
[Result "0-1"]
[WhiteElo "1619"]
[BlackElo "1469"]
[PlyCount "100"]
[EventDate "2003.09.26"]
[EventType "swiss"]
[EventRounds "5"]
[EventCountry "CAN"]
[SourceTitle "EXT 2008"]
[Source "ChessBase"]
[SourceDate "2007.11.25"]
[SourceVersion "1"]
[SourceVersionDate "2007.11.25"]
[SourceQuality "1"]

1. e4 d6 2. Nf3 Nf6 3. Nc3 g6 4. d4 Bg7 5. Bc4 0-0 6. Be3 c6 7. Qd2 b5 8. Bd3 e5 9. Bh6 exd4 10. Nxd4 Bb7 11. f3 Nbd7 12. Bxg7 Kxg7 13. h4 Ne5 14. Be2 h5 15. g4 hxg4 16. f4 Nf3+ 17. Nxf3 gxf3 18. Bxf3 b4 19. Ne2 c5 20. Ng3 Re8 21. 0-0-0 Nxe4 22. Bxe4 Bxe4 23. Nxe4 Rxe4 24. h5 Rd4 25. Qg2 Rxd1+ 26. Kxd1 Rb8 27. hxg6 fxg6 28. Qh3 Qf6 29. Qd7+ Kf8 30. f5 Qd4+ 31. Kc1 Re8 32. Rd1 Qf4+ 33. Kb1 gxf5 34. Rxd6 Re1+ 35. Rd1 Rxd1+ 36. Qxd1 Qd4 37. Qh1 f4 38. Qa8+ Kf7 39. Qxa7+ Kf6 40. a4 bxa3 41. Qxa3 Qd1+ 42. Ka2 Qd5+ 43. b3 f3 44. Qa6+ Ke5 45. Qf1 Qe4 46. Qa1+ Kf4 47. Qf6+ Qf5 48. Qh4+ Ke5 49. Qe7+ Kd4 50. Qd6+ Kc3 0-1

[Event "Sherbrooke Perpetuelles 26-09"]
[Site "Sherbrooke"]
[Date "2003.10.03"]
[Round "2"]
[White "Lewis, Claude"]
[Black "Viens, Nicolas"]
[Result "0-1"]
[WhiteElo "1469"]
[BlackElo "1281"]
[PlyCount "90"]
[EventDate "2003.09.26"]
[EventType "swiss"]
[EventRounds "5"]
[EventCountry "CAN"]
[SourceTitle "EXT 2008"]
[Source "ChessBase"]
[SourceDate "2007.11.25"]
[SourceVersion "1"]
[SourceVersionDate "2007.11.25"]
[SourceQuality "1"]

1. e4 c5 2. c3 e6 3. d4 cxd4 4. cxd4 d6 5. Nf3 Nf6 6. Nc3 Be7 7. Bd3 0-0 8. 0-0 Re8 9. Bg5 Nbd7 10. Rc1 e5 11. Nb5 Rf8 12. Bb1 Nh5 13. Bxe7 Qxe7 14. Nc7 Rb8 15. Nd5 Qd8 16. Qc2 f6 17. Qc7 Qxc7 18. Rxc7 Nb6 19. Ne7+ Kh8 20. Rfc1 Nf4 21. Kf1 Re8 22. d5 Bd7 23. Rxd7 Nxd7 24. Nf5 Rbc8 25. Rc3 Rxc3 26. bxc3 Rc8 27. Nd2 Rxc3 28. Nb3 Nc5 29. Ke1 Nxb3 30. axb3 Rc1+ 31. Kd2 Rxb1 32. Kc2 Ra1 33. Nxd6 Kg8 34. Nc4 Kf7 35. g3 Ne2 36. Ne3 Nd4+ 37. Kb2 Ra6 38. f4 Rb6 39. Nc4 Rxb3+ 40. Ka2 b5 41. Nd6+ Ke7 42. Nb7 Rc3 43. d6+ Kd7 44. fxe5 fxe5 45. Kb2 b4 0-1

[Event "Sherbrooke Perpetuelles 06-10"]
[Site "Sherbrooke"]
[Date "2003.08.15"]
[Round "5"]
[White "Duclos, Alain"]
[Black "Lewis, Claude"]
[Result "1-0"]
[WhiteElo "1646"]
[BlackElo "1458"]
[PlyCount "65"]
[EventDate "2003.07.??"]
[EventType "swiss"]
[EventRounds "5"]
[EventCountry "CAN"]
[SourceTitle "EXT 2006"]
[Source "ChessBase"]
[SourceDate "2005.11.24"]
[SourceVersion "1"]
[SourceVersionDate "2005.11.24"]
[SourceQuality "1"]

1. e4 d6 2. d4 Nf6 3. Nc3 g6 4. Be3 Bg7 5. Qd2 0-0 6. 0-0-0 Nc6 7. f3 e5 8. Nge2 Nd7 9. g4 Nb6 10. b3 a6 11. h4 Qf6 12. Bg2 exd4 13. Nxd4 Ne5 14. Bg5 Nxf3 15. Bxf3 Qe5 16. Bh6 Bd7 17. Bxg7 Qxg7 18. h5 a5 19. a4 c5 20. Nde2 d5 21. exd5 c4 22. Qd4 Qxd4 23. Nxd4 cxb3 24. cxb3 Nc8 25. Ndb5 Rb8 26. d6 Nb6 27. Nd5 Nxd5 28. Rxd5 Bc6 29. Rd3 Rfd8 30. hxg6 hxg6 31. Bxc6 bxc6 32. Na3 Rb4 33. Nc4 1-0

[Event "Sherbrooke Perpetuelles 06-10"]
[Site "Sherbrooke"]
[Date "2003.07.18"]
[Round "1"]
[White "Lewis, Claude"]
[Black "Ouellet Lahaie, Didier"]
[Result "0-1"]
[WhiteElo "1458"]
[BlackElo "1443"]
[PlyCount "110"]
[EventDate "2003.07.??"]
[EventType "swiss"]
[EventRounds "5"]
[EventCountry "CAN"]
[SourceTitle "EXT 2006"]
[Source "ChessBase"]
[SourceDate "2005.11.24"]
[SourceVersion "1"]
[SourceVersionDate "2005.11.24"]
[SourceQuality "1"]

1. e4 e5 2. Nf3 Nc6 3. d4 exd4 4. Bc4 Bb4+ 5. c3 dxc3 6. 0-0 Nge7 7. Nxc3 Bxc3 8. bxc3 d6 9. Ng5 Ne5 10. Bb3 h6 11. f4 hxg5 12. fxe5 Be6 13. exd6 Qxd6 14. Qxd6 cxd6 15. Bxg5 Rh5 16. Bf4 d5 17. Ba4+ Bd7 18. Bxd7+ Kxd7 19. Rfd1 Rc8 20. Rac1 Rc4 21. Bg3 Rxe4 22. Rd4 Nc6 23. Rd2 Na5 24. Rd4 Rxd4 25. cxd4 Nc4 26. Re1 Rh6 27. Rb1 Rb6 28. Rxb6 Nxb6 29. Kf2 Ke6 30. Ke2 Nc4 31. h3 Kf5 32. Kd3 g5 33. Bh2 Ke6 34. Bg3 f5 35. Bf2 f4 36. Bg1 Kf5 37. Bf2 Nd6 38. Be1 Ne4 39. Ke2 a6 40. Kf3 Nd6 41. Bd2 Nb5 42. g4+ fxg3 43. Kxg3 Nxd4 44. Kf2 Ne6 45. Kf3 b5 46. a3 d4 47. Bc1 Nc5 48. Bd2 Ne4 49. Be1 Nc3 50. Bd2 a5 51. Bc1 b4 52. axb4 axb4 53. Bb2 d3 54. Bc1 Ne4 55. Ke3 d2 0-1

[Event "Sherbrooke Perpetuelles 01-05"]
[Site "Sherbrooke"]
[Date "2003.07.11"]
[Round "5"]
[White "Lewis, Claude"]
[Black "Grenier, Jean Pierre"]
[Result "1-0"]
[WhiteElo "1413"]
[BlackElo "1527"]
[PlyCount "55"]
[EventDate "2003.06.??"]
[EventType "swiss"]
[EventRounds "5"]
[EventCountry "CAN"]
[SourceTitle "EXT 2006"]
[Source "ChessBase"]
[SourceDate "2005.11.24"]
[SourceVersion "1"]
[SourceVersionDate "2005.11.24"]
[SourceQuality "1"]

1. e4 c5 2. c3 Nc6 3. d4 cxd4 4. cxd4 e6 5. Nf3 d5 6. Bd3 Bb4+ 7. Nc3 Nge7 8. 0-0 0-0 9. Bf4 a6 10. Rc1 Ng6 11. Bg3 Bd7 12. exd5 Bxc3 13. dxc6 Bxc6 14. bxc3 Rc8 15. Ne5 Nxe5 16. Bxe5 Qg5 17. g3 f6 18. h4 Qh6 19. Bf4 g5 20. Qg4 Kh8 21. Be3 Rce8 22. c4 Rg8 23. d5 exd5 24. cxd5 Bxd5 25. Rc7 Rg7 26. Rfc1 Bc6 27. Rxg7 Kxg7 28. Rxc6 1-0